Kế toán quốc tế
Lí luận chung về kế toán quốc tế và chuẩn mực kế toán quốc tế, ngoài ra còn giới thiệu những kiến thức kế toán theo hệ thống kế toán Pháp, Mỹ
Spremljeno u:
| Glavni autor: | |
|---|---|
| Format: | Knjiga |
| Jezik: | Undetermined |
| Izdano: |
Hà Nội
Tài chính
2009
|
| Teme: | |
| Oznake: |
Dodaj oznaku
Bez oznaka, Budi prvi tko označuje ovaj zapis!
|
| Thư viện lưu trữ: | Trung tâm Học liệu Trường Đại học Cần Thơ |
|---|
| LEADER | 00796nam a2200217Ia 4500 | ||
|---|---|---|---|
| 001 | CTU_140718 | ||
| 008 | 210402s9999 xx 000 0 und d | ||
| 020 | |c 150000 | ||
| 082 | |a 657 | ||
| 082 | |b Gi106 | ||
| 100 | |a Nguyễn, Phú Giang | ||
| 245 | 0 | |a Kế toán quốc tế | |
| 245 | 0 | |c Nguyễn Phú Giang | |
| 260 | |a Hà Nội | ||
| 260 | |b Tài chính | ||
| 260 | |c 2009 | ||
| 520 | |a Lí luận chung về kế toán quốc tế và chuẩn mực kế toán quốc tế, ngoài ra còn giới thiệu những kiến thức kế toán theo hệ thống kế toán Pháp, Mỹ | ||
| 650 | |a Accounting | ||
| 650 | |x Kế toán | ||
| 904 | |i Bạch Trúc | ||
| 980 | |a Trung tâm Học liệu Trường Đại học Cần Thơ | ||